Normal view
MARC view
- Chodorow, Kristina
Entry Personal Name
001 - CONTROL NUMBER
- control field: 125429
003 - CONTROL NUMBER IDENTIFIER
- control field: NUST
005 - DATE AND TIME OF LATEST TRANSACTION
- control field: 20240828122847.0
008 - FIXED-LENGTH DATA ELEMENTS
- fixed length control field: 240828|| aca||aabn | a|a d
040 ## - CATALOGING SOURCE
- Original cataloging agency: NUST
- Transcribing agency: NUST
100 ## - HEADING--PERSONAL NAME
- Personal name: Chodorow, Kristina
670 ## - SOURCE DATA FOUND
- Source citation: Work cat.: (NUST)10476: Chodorow, Kristina, MongoDB: the definitive guide powerful and scalable data storage /, 2020.
